Casos de éxito en innovación: cómo los mejores agentes del cambio en el mundo alcanzan la cima

Збережено в:
Бібліографічні деталі
Співавтор: BusinessWeek (Автор)
Формат: Книга
Мова:Іспанська
Опубліковано: Ciudad de México McGraw-Hill 2009
Серія:Innovación: Guía de Acciones, Motivaciones y Tips gerenciales
Предмети:
Теги: Додати тег
Немає тегів, Будьте першим, хто поставить тег для цього запису!

MARC

LEADER 00000nam a2200000 a 4500
001 UCH5797
003 CL-VaPUC
008 091029e20090000MX |||||||||||||||||spa|d
020 |a 9789701069561 
082 0 4 |a 658.4063  |b BUS  |2 21 
110 2 |a BusinessWeek  |e author  |9 542126 
245 1 0 |a Casos de éxito en innovación: cómo los mejores agentes del cambio en el mundo alcanzan la cima 
300 |a 120 p 
942 |c BK 
945 |d 20091029 00:00:00  |a rbrito 
260 |a Ciudad de México  |b McGraw-Hill  |c 2009 
650 0 |a Cambio organizacional   |9 260741 
650 0 |a Administración de empresas   |9 260833 
650 0 |a Liderazgo  |9 271835 
650 0 |a Desarrollo organizacional  |9 356124 
650 0 |a Comportamiento organizacional   |9 311858 
650 0 |a Exito en los negocios   |9 271740 
583 |a last modification  |c 20091029 00:00:00  |k Rodrigo Vera 
490 0 |a Innovación: Guía de Acciones, Motivaciones y Tips gerenciales 
999 |c 336844  |d 336842 
952 |0 0  |1 0  |4 0  |6 658_406300000000000_BUS_2009  |7 0  |8 A  |9 428828  |a BIBENE  |b BIBENE  |d 2019-11-22  |i 4613066  |o 658.4063 BUS 2009  |p 4613066  |r 2025-01-15  |w 2019-11-22  |y BK  |k ICO